[Event "V Festival Magistrale"]
[Site "Telese Terme ITA"]
[Date "1992.08.??"]
[Round "?"]
[White "Bellia, Fabrizio"]
[Black "Natale, Alfredo"]
[WhiteElo "2310"]
[BlackElo "1960"]
[Result "1-0"]
[PlyCount "107"]
[EventDate "1992.08.22"]

1. e4 c6 2. Nc3 d5 3. Nf3 dxe4 4. Nxe4 Nf6 5. Nxf6+ gxf6 6. d4 Bg4 7. Be2 Qc7
8. g3 e6 9. Bf4 Bd6 10. Bxd6 Qxd6 11. Qd2 Nd7 12. O-O-O O-O-O 13. c4 Kb8 14. h3
Bf5 15. Nh4 Be4 16. Rhe1 Bg6 17. Qf4 Qc7 18. Qxc7+ Kxc7 19. f4 Be4 20. Bh5 Bg6
21. Bf3 f5 22. g4 Nf6 23. gxf5 exf5 24. Re5 Nd7 25. Re7 Rde8 26. Rde1 Kd8 27.
Rxe8+ Rxe8 28. Rxe8+ Kxe8 29. Kd2 Ke7 30. b4 Nf8 31. Ke3 Nd7 32. d5 c5 33. a3
Kd6 34. b5 b6 35. Be2 Ke7 36. Bd3 Kf6 37. Bc2 h6 38. Kd2 Bh7 39. Ng2 Bg6 40.
Ne3 Bh7 41. Kc3 Bg6 42. Kb3 Bh7 43. a4 Bg6 44. a5 Bh7 45. a6 Bg6 46. Kc3 Bh7
47. Kd2 Bg6 48. Ke1 Nf8 49. Kf2 Nd7 50. Bd3 Nf8 51. d6 Nd7 52. Nd5+ Ke6 53. Ne7
Nb8 54. Nc8 1-0

[Event "V Festival Magistrale"]
[Site "Telese Terme ITA"]
[Date "1992.08.??"]
[Round "?"]
[White "Iannaccone, Ernesto"]
[Black "Passerotti, Pierluigi"]
[WhiteElo "2375"]
[BlackElo "2330"]
[Result "1-0"]
[PlyCount "99"]
[EventDate "1992.08.22"]

1. d4 d5 2. c4 e6 3. Nc3 Nf6 4. cxd5 Nxd5 5. e4 Nxc3 6. bxc3 c5 7. Nf3 cxd4 8.
cxd4 Nc6 9. Bc4 b5 10. Be2 Bb4+ 11. Bd2 Qa5 12. a4 Bxd2+ 13. Qxd2 bxa4 14. Qxa5
Nxa5 15. Rxa4 Nc6 16. O-O O-O 17. Rc1 Bb7 18. d5 exd5 19. exd5 Nb8 20. Ra5 Rd8
21. Rc7 Rd7 22. d6 f6 23. Bb5 Nc6 24. Bxc6 Rxc7 25. dxc7 Bxc6 26. Nd4 Re8 27.
f3 Bd7 28. Rxa7 Kf8 29. Kf2 Rc8 30. Ke3 Ke7 31. Ke4 Kd6 32. Nf5+ Bxf5+ 33. Kxf5
Kd7 34. h4 g6+ 35. Ke4 Kd6 36. Ra6+ Kxc7 37. Rxf6 Re8+ 38. Kf4 Re7 39. g4 Kd7
40. Kg5 Ke8 41. Kh6 Ra7 42. Rb6 Ra3 43. Kxh7 Rxf3 44. Kxg6 Rf4 45. Kg5 Ra4 46.
Rf6 Ke7 47. Rf4 Ra1 48. h5 Ra8 49. h6 Rg8+ 50. Kh5 1-0